| 000 | 00734nam a22002057a 4500 | ||
|---|---|---|---|
| 003 | 0 | ||
| 005 | 20260205140152.0 | ||
| 008 | 260205b xxu||||| |||| 00| 0 eng d | ||
| 020 | _a978-1-63198-334-4 | ||
| 050 |
_aTR 613.7 _bSl632 2018 |
||
| 082 |
_aTR 613.7 _bSl632 2018 |
||
| 100 | _aChristelis, Paul | ||
| 245 |
_aSleep easy : _ba mindfulness guide to getting a good night's sleep / _cwritten by Paul Christelis; illustrated by Elisa Paganelli. |
||
| 260 |
_aMinneapolis, MN : _bFree Spirit Publishing Inc., _c2018. |
||
| 300 |
_a32 unnumbered pages : _bcolored illustrations ; _c24 cm. |
||
| 440 | _aEveryday mindfulness | ||
| 650 |
_aSleep _vJuvenile literature. |
||
| 700 |
_aPaganelli, Elisa, _eillustrator. |
||
| 942 |
_2ddc _cBK |
||
| 999 |
_c368817 _d368817 |
||